LEADER 02011nam 2200385 450 001 9910734365303321 005 20230815111208.0 035 $a(CKB)5470000002907657 035 $a(NjHacI)995470000002907657 035 $a(EXLCZ)995470000002907657 100 $a20230815d2023 uy 0 101 0 $aeng 135 $aur||||||||||| 181 $ctxt$2rdacontent 182 $cc$2rdamedia 183 $acr$2rdacarrier 200 00$aCoronary syndrome $eclinical treatment, prevention and management for better outcomes /$fedited by Atsushi Tanaka, Koichi Node 210 1$a[Place of publication not identified] :$cMultidisciplinary Digital Publishing Institute,$d2023. 215 $a1 online resource (202 pages) 311 $a3-0365-7913-3 330 $aThis book focuses on recent advances in the clinical care of patients with acute and chronic coronary syndromes. We must accumulate novel scientific and clinical knowledge in this field to develop seamless treatments and preventive strategies for this patient population. Furthermore, accumulated data have implicated that there are some residual risk factors for coronary syndromes, and the clinical management of cardiovascular/non-cardiovascular complications associated with coronary syndromes is also a critical concern. We hope that this book will facilitate the management of future patients with coronary syndromes; however, further research is still required. It is also our hope that this book will promote future research to enable a better understanding of the clinical practice of coronary syndromes. 517 $aCoronary Syndrome 606 $aCoronary heart disease 606 $aVentricular fibrillation 615 0$aCoronary heart disease. 615 0$aVentricular fibrillation. 676 $a616.123 702 $aNode$b Koichi 702 $aTanaka$b Atsushi 801 0$bNjHacI 801 1$bNjHacl 906 $aBOOK 912 $a9910734365303321 996 $aCoronary syndrome$93422000 997 $aUNINA LEADER 02845nam 2200625Ia 450 001 9910782466703321 005 20230721003729.0 010 $a1-281-81287-0 010 $a9786611812874 010 $a0-8261-2505-0 035 $a(CKB)1000000000576826 035 $a(EBL)423409 035 $a(OCoLC)437109779 035 $a(SSID)ssj0000169565 035 $a(PQKBManifestationID)11161698 035 $a(PQKBTitleCode)TC0000169565 035 $a(PQKBWorkID)10214887 035 $a(PQKB)11757517 035 $a(MiAaPQ)EBC423409 035 $a(Au-PeEL)EBL423409 035 $a(CaPaEBR)ebr10265533 035 $a(CaONFJC)MIL181287 035 $a(EXLCZ)991000000000576826 100 $a20060605d2007 uy 0 101 0 $aeng 135 $aurcn||||||||| 181 $ctxt 182 $cc 183 $acr 200 10$aHealth professionals style manual$b[electronic resource] /$fShirley Fondiller, Barbara J. Nerone 205 $a2nd ed. 210 $aNew York $cSpringer Pub.$dc2007 215 $a1 online resource (166 p.) 300 $aRev. ed. of: Health professionals stylebook, c1993. 311 $a0-8261-0207-7 320 $aIncludes bibliographical references (p. 141-142) and index. 327 $aContents; Preface; Foreword; 1. Style and Substance: The Dynamic Duo; 2. From Principles to Practice: The Art of Effective Writing; 3. Understanding Usage: An Alphabetical Guide to Specific Writing Tips and Pitfalls; 4. Be Clear and Direct: How to Avoid Redundancies, Euphemisms, and Cliche?s; 5. Harness the Potential of Computers and the Internet; Appendices; References for Further Reading; Index 330 $aNow you can learn and apply the basic principles of writing style, composition, grammar, word usage, and misusage, to the field of health care. With the Health Professionals Style Manual you will learn to improve your message and communicate more effectively. With up-to-date resources and references, these are just some of the rules and tools you will learn to use in your own writing:.: Style and Substance.; Art of Effective Writing.; Tips and Pitfalls.; Redundancies, Euphemisms, and Cliches.; Computers and the Internet.; Common Abbreviations and Acronyms.; Commonly Misspelled Words.; Using Pr 606 $aMedical writing$vHandbooks, manuals, etc 606 $aMedical publishing$vHandbooks, manuals, etc 615 0$aMedical writing 615 0$aMedical publishing 676 $a808 676 $a808.06661 676 $a808/.06661 700 $aFondiller$b Shirley H$01465463 701 $aNerone$b Barbara J$01465464 701 $aFondiller$b Shirley H$01465463 801 0$bMiAaPQ 801 1$bMiAaPQ 801 2$bMiAaPQ 906 $aBOOK 912 $a9910782466703321 996 $aHealth professionals style manual$93675469 997 $aUNINA